| 000 | 01415cad a22002415a 4500 | ||
|---|---|---|---|
| 001 | L148837 | ||
| 008 | 091116s2009 xxkd f s 000 0 eng d | ||
| 035 | _a(Sirsi) u148837 | ||
| 041 | 0 | _aeng | |
| 050 | 0 | 4 | _a338.47624 $2 22 |
| 110 | 2 |
_aOffice of Fair Trading _91355 |
|
| 245 | 0 | 0 |
_aHome buying and selling market study _bsurvey of estate agents _h[electronic resource] |
| 260 |
_aLondon _bOFT _c2009 |
||
| 490 | 0 |
_aOFT _vOFT1140b |
|
| 505 | 2 | _aExecutive summary -- Methodology -- Results -- Annexe 1: Covering letter -- Annexe 2: Survey questionnaire | |
| 520 | _aPresents results of the Office of Fair Trading's survey aimed at finding out the working practices and opinions of estate agents. Part of the OFT's Market Study of Home Buying and Selling, this survey finds that there is an increase of interest in alternative ways of buying and selling a house such as selling privately, through an online estate agent or at an auction. Reports that 88% of both buyers and sellers were satisfied with the service provided by estate agents (see also L146790). | ||
| 521 | _aAdvanced | ||
| 590 | _aKA NTK | ||
| 651 | 4 |
_aUnited Kingdom _y |
|
| 690 | _aPROPERTY-RESIDENTIAL PROPERTY-ACQUISITION AND DISPOSAL OF RESIDENTIAL PROPERTY | ||
| 856 | 4 | 0 |
_uhttps://www.oft.gov.uk/advice_and_resources/resource_base/market-studies/current/buyingandselling _zView the item free of charge at www.oft.gov.uk... |
| 942 | _n0 | ||
| 999 |
_c110256 _d110256 |
||